| 000 | 00854cab a2200241 4500 | ||
|---|---|---|---|
| 001 | WB2931-73 | ||
| 008 | 090401t1993 xxu||||| |||| 00| 0 eng d | ||
| 035 | _a(Sirsi) u6062 | ||
| 041 | _aeng | ||
| 245 | _aSLOM compensation | ||
| 260 | _c1993 | ||
| 350 | _a0 | ||
| 490 |
_aMAFF News Release _v(284/93) 24 August 1993 (3) |
||
| 520 | _aA number of UK milk producers are being invited to apply for compensation from the European Commission following a decision by the European Court of Justice. This concerns producers who participated in EC non-marketing schemes (SLOM) between 1977 and the mid 1980s. | ||
| 650 | _aCOMPENSATION | ||
| 650 | _aMILK PRODUCTION | ||
| 650 | _aMILK QUOTAS | ||
| 650 | _aNON-MARKETING OF MILK AND DAIRY HERD CONVERSION SCHEMES | ||
| 650 | _aSLOM | ||
| 690 | _aRURAL PRACTICE | ||
| 942 | _n0 | ||
| 948 | _c04/03/1997 | ||
| 999 |
_c3634 _d3634 |
||